China's urbanization: migration by the millions (Record no. 586578)
[ view plain ]
| 000 -LEADER | |
|---|---|
| fixed length control field | 00387nam a22001337a 4500 |
| 020 ## - INTERNATIONAL STANDARD BOOK NUMBER | |
| International Standard Book Number | 9787510452130 |
| 082 ## - DEWEY DECIMAL CLASSIFICATION NUMBER | |
| Classification number | 338.951 |
| 100 ## - MAIN ENTRY--PERSONAL NAME | |
| Personal name | Xie Chuntao (Editor) |
| 245 ## - TITLE STATEMENT | |
| Title | China's urbanization: migration by the millions |
| Statement of responsibility, etc. | edited by Xie Chuntao |
| 260 ## - PUBLICATION, DISTRIBUTION, ETC. | |
| Place of publication, distribution, etc. | Beijing |
| Name of publisher, distributor, etc. | New World Press |
| Date of publication, distribution, etc. | 2014 |
| 300 ## - PHYSICAL DESCRIPTION | |
| Extent | 236p |
| 942 ## - ADDED ENTRY ELEMENTS (KOHA) | |
| Source of classification or shelving scheme | |
| Koha item type | Book |
| Withdrawn status | Lost status | Source of classification or shelving scheme | Materials specified (bound volume or other part) | Damaged status | Not for loan | Permanent Location | Current Location | Shelving location | Date acquired | Full call number | Barcode | Date last seen | Price effective from | Koha item type | Total Checkouts | Source of acquisition |
|---|---|---|---|---|---|---|---|---|---|---|---|---|---|---|---|---|
| Donated by Chinese embassy in Pakistan | Central Library (CL) | Central Library (CL) | Chinese Studies | 10/18/2021 | 338.951 CHI | CL-D-1375 | 10/18/2021 | 10/18/2021 | Book | |||||||
| Donated by Chinese embassy in Pakistan | Central Library (CL) | Central Library (CL) | Chinese Studies | 10/18/2021 | 338.951 CHI | CL-D-1374 | 10/18/2021 | 10/18/2021 | Book | |||||||
| Donated by China Study Centre (CSC) - S3H NUST | Central Library (CL) | Central Library (CL) | 11/28/2025 | 338.951 CHI | CL-D-3138 | 11/29/2025 | 11/29/2025 | Book | Donation | |||||||
| NUST Law School (NLS) | NUST Law School (NLS) | 07/17/2025 | 338.951 CHI | NLSD-297 | 07/17/2025 | 07/17/2025 | Book |
